| 000 | 00583nai a2200181Ia 4500 | ||
|---|---|---|---|
| 003 | IN-BaIIA | ||
| 008 | 211028c9999 xx s 000 0 eng d | ||
| 022 | _a1932-7447 (Print) | ||
| 022 | _a1932-7455 (Online) | ||
| 040 | _cIIA Library | ||
| 245 | 4 |
_aThe Journal of Physical Chemistry C _h[eJournal] |
|
| 260 |
_aWashington DC _bACS Publications |
||
| 310 | _aWeekly | ||
| 362 | _a111(1); 2007 - Present | ||
| 521 | _bSubscribed through National Knowledge Resource Consortium (NKRC) | ||
| 856 |
_uhttps://pubs.acs.org/journal/jpccck _yClick Here to Access eJournal |
||
| 942 | _cEJ | ||
| 999 |
_c35789 _d35789 |
||